|
|
|
|
| LEADER |
00000cam a2200000 a 4500 |
| 001 |
vtls001070359 |
| 003 |
SK-MaSNL |
| 005 |
20260301153039.0 |
| 008 |
240515s1992 xo frnp 000 0 slo |
| 015 |
|
|
|a SNBA1993/02
|
| 020 |
|
|
|a 8070972025
|
| 035 |
|
|
|a SNK000013190
|
| 035 |
|
|
|a urn:nbn:sk:snk-amljso
|
| 035 |
|
|
|a urn:nbn:sk:snk-am00bojg
|
| 035 |
|
|
|a 853DDBB7-E321-47E9-991D-5997A1772D1D
|
| 040 |
|
|
|a SNK
|b slo
|c SNK
|e AACR2
|
| 041 |
0 |
|
|a slo
|
| 044 |
|
|
|a xo
|c SK
|
| 080 |
|
|
|a 37.015.3(075.8)
|2 1981
|
| 100 |
1 |
|
|a Džuka, Jozef,
|d 1956-
|4 aut
|9 7421
|
| 245 |
1 |
0 |
|a Kapitoly zo psychológie pre učiteľov
|c Jozef Džuka
|
| 250 |
|
|
|a 1. vyd.
|
| 260 |
|
|
|a Košice
|b Univerzita P. J. Šafárika
|c 1992
|e Košice
|f Edičné stredisko UPJŠ
|
| 300 |
|
|
|a 200 s.
|c 29 cm
|
| 490 |
1 |
|
|a Vysokoškolské učebné texty
|
| 504 |
|
|
|a Obsahuje bibliografické odkazy
|
| 650 |
0 |
7 |
|a pedagogická psychológia
|2 SNKPH
|9 58135
|
| 655 |
|
7 |
|a učebnice vysokých škôl
|2 SNKPH
|9 70191
|
| 830 |
|
0 |
|a Vysokoškolské učebné texty
|9 276539
|
| 852 |
|
|
|a Slovenská národná knižnica
|
| 919 |
|
|
|a 80-7097-202-5
|
| 954 |
|
|
|a odborná, vedecká literatúra pôvodná (slovenská)
|2 lita
|
| 958 |
|
|
|a OND
|
| 958 |
0 |
7 |
|a RM
|
| 958 |
0 |
7 |
|a NB
|
| 958 |
0 |
7 |
|a UV
|
| 999 |
|
|
|c 791221
|d 793151
|
| 952 |
|
|
|t P60, <04>, [BOOK], {604}
|a SNK
|b SNK
|y VYP
|7 0
|p 17A0022905
|o snkSB 50481 D1
|0 0
|1 0
|4 0
|d 1996-11-29
|l 0
|r 2004-12-31 00:00:00
|w 2026-02-24
|
| 952 |
|
|
|t P60, <03>, [BOOK], {603}
|a SNK
|b SNK
|y PREZ
|7 0
|p 17A0178609
|o snkSB 50481
|0 0
|1 0
|4 0
|d 1999-01-27
|f 1
|l 0
|r 2025-03-07 00:00:00
|w 2026-02-24
|